000 00356cam a22001217a 4500
008 180718b1943 xxu||||| |||| 00| 0 eng d
082 _aR1x51 R199
100 _aRawski, Thomas G.
245 _aEconomic growth and employment in China
_cby Thomas G. Rawski
260 _aNew York
_bOxford Unversity Press
_c1943
300 _a194p.
650 _aEconomic Growth
999 _c326894
_d326894